| 000 | 01998nam a2200325 i 4500 | ||
|---|---|---|---|
| 003 | EG-GICUC | ||
| 005 | 20260121101221.0 | ||
| 008 | 251114s2007 ua ||||fr|||| 00| 0 ara d | ||
| 017 | _a٢٠٠٦/٤٩٦٩ | ||
| 020 | _a977381082 | ||
| 040 |
_a EG-GICUC _bara _c EG-GICUC _d EG-GICUC _erda |
||
| 041 | 0 | _aara | |
| 082 | 0 | 4 |
_221 _a345 _bز ك . أ |
| 092 | 0 | 4 | _221 |
| 099 | _aLaw1 07 345 ز ك . أ 2007 | ||
| 100 | 0 |
_aزكريا المصري _eمؤلف. |
|
| 245 | 1 | 0 |
_aأسس الإدارة العامة : _b التظيم الإداري (الإدارة ) - النشاط الإداري (دراسة مقارنة ) في التشريع والفقة وأحكام القضاء في مصر وليبيا وبعض الدول العربية والأجنبية / _cزكريا المصري. |
| 264 | 1 |
_aالمحلة الكبرى : _bدار الكتب القانونية، _c2007. |
|
| 300 |
_a1175 ؛صفحة _c24 سم. |
||
| 336 |
_2rda content _atext |
||
| 337 |
_2rda media _aComputer |
||
| 338 |
_2rda carrier _aOnline Resource |
||
| 504 | _a. 1174-1162ببليوجرافيا: صفحات. | ||
| 505 | _aخصائص الإدارة العامه المقارنة - المركزية واللامركزية وسائل الإدارة القرار الإدارى - العقود الإدارية - الأموال العامة - أحكام الوظيفة العامة مهام الإدارة المرفق العام والضبط الإداري - التنفيذ المباشر وإجراءات نزع الملكية للمنفعة العامة - الحجز الإداري - التخطيط - العناية بالعنصر البشري القيادة وسلطة إصدار القرار الإتصال والتنسيق - الرقابة | ||
| 546 | _aالنص أغلبه باللغة العربية مع بعض النصوص الإنجليزية | ||
| 650 | 1 | 4 | _aالقانون الإداري |
| 856 | 4 | 0 | _uhttps://fll.law.cu.edu.eg/fulltext/bks/B07-00373.pdf |
| 905 |
_a32 _eYara |
||
| 942 |
_2ddc _cBK _e21 _n0 |
||
| 999 |
_c43233 _d43233 |
||